| 000 | 00772nam a22001577a 4500 | ||
|---|---|---|---|
| 003 | macl | ||
| 005 | 20231105123824.0 | ||
| 008 | 231105b |||||||| |||| 00| 0 eng d | ||
| 040 | _cmacl | ||
| 082 | _a320 | ||
| 100 |
_aगुप्ताा,संजय _982015 |
||
| 245 | _aमुुख्य परीक्षा दर्पण मध्य प्रदेश लोक सेवा आयोग सविधान शासन व्यवस्था ,राजनैतिक एंव प्रशासनिक सरचना प्रश्न पत्र-2 खंड -1 इकाई -1 | ||
| 260 |
_aदिल्ली _bनिर्माण IAS प्रकाशन _c2020 |
||
| 650 | _aसविधान | ||
| 942 |
_2ddc _cHIN |
||
| 999 |
_c66318 _d66318 |
||